|
|
|
|
| LEADER |
00722nam a2200193 i 4500 |
| 003 |
GR-PaULI |
| 005 |
20230308110615.0 |
| 008 |
211230s2001 gr a ||| |||| 00| 0 gre d |
| 952 |
|
|
|0 0
|1 0
|2 ddc
|4 0
|6 730_943000000000000_BRU
|7 0
|9 369591
|a LISP
|b LISP
|c DON
|d 2023-03-08
|e ΠΑΤ
|i 256819
|l 0
|o 730.943 BRU
|p 025000291572
|r 2023-03-08 00:00:00
|t 1
|w 2023-03-08
|y BKN
|
| 999 |
|
|
|c 215923
|d 215923
|
| 040 |
|
|
|a GR-PaULI
|b gre
|c GR-PaULI
|e AACR2
|
| 082 |
0 |
4 |
|2 23
|a 730.943
|
| 100 |
1 |
|
|9 196528
|a Brunk, Ingbert,
|d 1960-
|e καλλιτέχνης.
|
| 245 |
1 |
0 |
|a Ingbert Brunk :
|b Art Athina 2001.
|c
|
| 260 |
|
|
|a [Χ.τ.] :
|b [χ.ό.],
|c [2001].
|
| 300 |
|
|
|a [6] σ. :
|b εικ. ;
|c 26 εκ.
|
| 500 |
|
|
|a
|
| 942 |
|
|
|2 ddc
|c BK
|
| 998 |
|
|
|c ΜΠΟΥΡΑΣ
|d 2023-03
|